Dabbling in Diplomacy: (Record no. 207212)

MARC details
000 -LEADER
fixed length control field 00721nam a22002057a 4500
005 - DATE AND TIME OF LATEST TRANSACTION
control field 20250122170154.0
010 ## - LCCN (DPL NO)
LC control number ENG-142744
020 ## - INTERNATIONAL STANDARD BOOK NUMBER
International Standard Book Number 9788196362942
Terms of availability 800.00
035 ## - SYSTEM CONTROL NUMBER
System control number EN-126276
037 ## - SOURCE OF ACQUISITION
Source of stock number/acquisition DBAD
082 ## - DEWEY DECIMAL CLASSIFICATION NUMBER
Edition number 1
Classification number 327.2
100 ## - MAIN ENTRY--PERSONAL NAME
Personal name S.D. Muni
245 ## - TITLE STATEMENT
Title Dabbling in Diplomacy:
Remainder of title Authorised & Otherwise, Recollections of a Non-Career Diplomat/
Statement of responsibility, etc by S.D. Muni
250 ## - EDITION STATEMENT
Edition statement 1
260 ## - PUBLICATION, DISTRIBUTION, ETC. (IMPRINT)
Place of publication, distribution, etc New Delhi
Name of publisher, distributor, etc Konark Publishers
Date of publication, distribution, etc 2024
270 ## - ADDRESS
Address 206, First Floor, Peacock Lane, Shahpur Jat
City New Delhi
Postal code 110049
Telephone number (011) 41055065,65254972
Electronic mail address konarkpublishers@hotmail.com
300 ## - PHYSICAL DESCRIPTION
Extent xi,228p.
Dimensions 23cm (Hb)
Other physical details col. photos
500 ## - GENERAL NOTE
General note Includes index
942 ## - ADDED ENTRY ELEMENTS (KOHA)
Source of classification or shelving scheme Dewey Decimal Classification
Item type English Books
Call number suffix MUN
Edition 1
Classification part 327.2
Holdings
Withdrawn status Lost status Not for loan Collection code Home library Current library Date acquired Source of acquisition Cost, normal purchase price Full call number Barcode Copy number Cost, replacement price Koha item type
      Non-fiction Ashok Vihar Ashok Vihar 29/11/2024 Delivery of Books Act Division 800.00 MUN 327.2 EN-126276 1 800.00 English Books

© Delhi Public Library
Hit Counter
free hit counter